000 00480nam a2200193 a 4500
001 1770460529955
003 YourLibrary
005 20260207160834.0
008 260207s2000##################000#0#eng##
020 _a9780335204137
082 0 4 _a306.4
_bHAN
100 1 _aHancock, Philip,
_eauthor.
245 1 0 _aThe Body, Culture, and Society :
260 _c2000.
300 _a168 pages
650 0 _aMedical.
942 _cENGLISH
040 _aYourLibrary
_beng
_cYourLibrary
999 _c611195
_d611195